| 000 | 00533nam a22001817a 4500 | ||
|---|---|---|---|
| 003 | URS | ||
| 005 | 20250714150810.0 | ||
| 008 | 250507b |||||||| |||| 00| 0 eng d | ||
| 040 | _cURS | ||
| 100 | 1 |
_aOsew, Mimi. _eauthor |
|
| 245 | 1 | 0 |
_aGhana: the next economic success story? / _cMimi Osew. |
| 300 |
_apages 2 - 4 ; _c28 cm |
||
| 336 |
_2rdacontent _atext _btxt |
||
| 337 |
_2rdamedia _aunmediated _bn |
||
| 338 |
_2rdacarrier _avolume _bnc |
||
| 773 | 0 |
_082824 _975349 _oPIL-13541110-29-1 _tBusiness review _x13541110 |
|
| 942 |
_2ddc _cCR |
||
| 999 |
_c82831 _d82830 |
||